Balfour's hat-trick at the top (Record no. 77975)

MARC details
000 -LEADER
fixed length control field 00984cab a2200193 4500
001 - CONTROL NUMBER
control field ##L135714
008 - FIXED-LENGTH DATA ELEMENTS--GENERAL INFORMATION
fixed length control field 061128n2006 000 0 eng u
035 ## - SYSTEM CONTROL NUMBER
System control number (Sirsi) u135714
041 0# - LANGUAGE CODE
Language code of text/sound track or separate title eng
100 1# - MAIN ENTRY--PERSONAL NAME
Personal name McCormick, Helen
245 00 - TITLE STATEMENT
Title Balfour's hat-trick at the top
260 ## - PUBLICATION, DISTRIBUTION, ETC.
Date of publication, distribution, etc. 2006
490 #0 - SERIES STATEMENT
Series statement Contract Journal
Volume/sequential designation 436(6602) 22 November 2006, 22-23(2)
520 ## - SUMMARY, ETC.
Summary, etc. Balfour Beatty stayed at the top of the new work winners monthly league tables for October 2006 and for the past 12 months. In October's table, Carillion climbed to second place and Kier moved up to third. The civils sector achieved the greatest activity in October 2006 gaining £653m of the £2 302m total, compared to £203m in September. The commercial and public sectors were also upbeat. Includes tables giving breakdown of work by geographical region and sector for the last 12 months.
590 ## - LOCAL NOTE (RLIN)
Local note KA
651 #4 - SUBJECT ADDED ENTRY--GEOGRAPHIC NAME
Geographic name GREAT BRITAIN
690 ## - LOCAL SUBJECT ADDED ENTRY--TOPICAL TERM (OCLC, RLIN)
Topical term or geographic name as entry element BUILT ENVIRONMENT-CONSTRUCTION MARKET
942 ## - ADDED ENTRY ELEMENTS (KOHA)
Suppress in OPAC 0
Holdings
Withdrawn status Lost status Source of classification or shelving scheme Damaged status Not for loan Home library Current library Shelving location Date acquired Total Checkouts Full call number Barcode Date last seen Copy number Price effective from Koha item type
    Dewey Decimal Classification     London London Journal article 28/11/2006   L135714 135714-1001 06/08/2019 1 06/08/2019 Journal article